La verdad y otras dudas, : (Record no. 19396)
[ view plain ]
| 000 -CABECERA | |
|---|---|
| campo de control de longitud fija | 00625cam a22001691 4500 |
| 001 - NÚMERO DE CONTROL | |
| campo de control | 000019883 |
| 005 - FECHA Y HORA DE LA ÚLTIMA TRANSACCIÓN | |
| campo de control | 20200929170157.0 |
| 008 - DATOS DE LONGITUD FIJA--INFORMACIÓN GENERAL | |
| campo de control de longitud fija | 750805s1967 sp 000 0 spa d |
| 040 ## - FUENTE DE LA CATALOGACIÓN | |
| Centro catalogador/agencia de origen | DO-SdBNP |
| Lengua de catalogación | spa |
| Centro/agencia transcriptor | BNPHU |
| 082 ## - NÚMERO DE LA CLASIFICACIÓN DECIMAL DEWEY | |
| Número de clasificación | xxx |
| Número de documento/Ítem | M779v |
| 100 1# - ENTRADA PRINCIPAL--NOMBRE DE PERSONA | |
| Nombre de persona | Montesinos, Rafael, |
| Fechas asociadas al nombre | 1920- |
| 9 (RLIN) | 25023 |
| 245 13 - MENCIÓN DE TÍTULO | |
| Título | La verdad y otras dudas, : |
| Resto del título | con una seleccion de su obra poetica, 1944-1966 / |
| Mención de responsabilidad, etc. | Rafael Montesinos. |
| 260 ## - PUBLICACIÓN, DISTRIBUCIÓN, ETC. | |
| Lugar de publicación, distribución, etc. | Madrid : |
| Nombre del editor, distribuidor, etc. | Ediciones Cultura Hispanica, |
| Fecha de publicación, distribución, etc. | 1967. |
| 300 ## - DESCRIPCIÓN FÍSICA | |
| Extensión | 227 p. ; |
| Dimensiones | 21 cm. |
| 490 1# - MENCIÓN DE SERIE | |
| Mención de serie | La Encina y el mar: poesía de España y America, |
| Designación de volumen o secuencia | 36 |
| 830 #0 - PUNTO DE ACCESO ADICIONAL DE SERIE-TÍTULO UNIFORME | |
| Título uniforme | La Encina y el mar: poesía de España y America, |
| 9 (RLIN) | 39946 |
| Estado de retiro | Estado de pérdida | Restricciones de uso | No para préstamo | Código de colección | Localización permanente | Ubicación/localización actual | Ubicación en estantería | Fecha de adquisición | Número de inventario | Total de préstamos | Signatura topográfica completa | Código de barras | Fecha visto por última vez | Precio válido a partir de | Tipo de ítem Koha |
|---|---|---|---|---|---|---|---|---|---|---|---|---|---|---|---|
| Excluido de préstamo | Monografías: Libros y Folletos | General | General | En catalogación | 08.07.2010 | LF1 | xxx M779v | 19883-10 | 25.06.2020 | 25.06.2020 | No se presta |
